| 000 | 00580nam a2200181Ia 4500 | ||
|---|---|---|---|
| 003 | Ost | ||
| 005 | 20260507075702.0 | ||
| 008 | 260507s9999||||xx |||||||||||||| ||und|| | ||
| 040 | _cfsecg | ||
| 041 | _aara | ||
| 100 |
_aالصميدعي، محمود جاسم _eمؤلف |
||
| 245 | 0 |
_aأساسيات التسويق الشامل و المتكامل / _c محمود جاسم الصميدعي |
|
| 260 |
_aعمان: _bدار المناهج للنشر و التوزيع, _c2004 |
||
| 300 | _a554 صفحة؛ | ||
| 653 | _aتخزين | ||
| 653 | _aتسويق | ||
| 942 | _cكتاب | ||
| 999 |
_c45842 _d45842 |
||